000 00672nam a2200205Ia 4500
003 GCL
008 140319s9999 xx 000 0 ara d
040 _aGCL /
_cGCL
082 0 4 _a914.495
_bب ت
100 1 _aبورا، س . م .
245 1 0 _aالتجربة اليونانية /
_cبورا، س . م .
700 1 _aاحمد سلامة محمد السيد
260 _aالقاهرة :
_bالهيئة المصرية العامة للكتاب ،
_c1989
300 _a365 ص ؛
_c24 سم
650 0 4 _aالفلسفة
650 0 4 _aالحضارة
650 0 4 _aالفلسفة اليونانية
650 0 4 _aالحضارة اليونانية
942 _2ddc
_cBK
999 _c27863
_d27863